000 nam a22 7a 4500
999 _c29235
_d29235
008 171123b xxu||||| |||| 00| 0 eng d
020 _a8181283481
050 _aSB 937 .H55 2002
100 _aHill, Dennis S.,
_d1934
245 _aPests of stored foodstuffs and their control/
_cDennis S. Hill
260 _aDordrecht ; Boston :
_bKluwer Academic Publishers,
_c©2002.
300 _axvi, 476 pages : illustrations ; 25 cm
650 _aFood storage pests
650 _aZoology
650 _aAgriculture
650 _aMorphology (Animals)
942 _2lcc
_cBOOKS
_hSB 937 .H55 2002